00000000nam 2200000zi 4500
0019.947512
003CaOODSP
00520250131103427
006m     o  d f      
007cr bn|||||||||
008250129e198009  oncdo   ob   f000 0 eng d
040 |aCaOODSP|beng|erda|cCaOODSP
043 |an-cn---
0861 |aDR52-19/18-1980E-PDF
1001 |aKhandkar, S. M., |eauthor.
24510|aClothed anthropometry in the Canadian Forces using direct and photogrammetric methods / |cKhandkar S.M., MacDonald G.A.H., Beevis D., Noy I.
264 1|aDownsview, Ontario : |bDefence and Civil Institute of Environmental Medicine : |bDepartment of National Defence - Canada, |cSeptember 1980.
300 |a1 online resource (47 pages, 62 unnumbered pages) : |bphotographs, graphs.
336 |atext|btxt|2rdacontent
337 |acomputer|bc|2rdamedia
338 |aonline resource|bcr|2rdacarrier
4901 |aDCIEM report ; |vno. 81-R-04
500 |aDigitized edition from print [produced by Defence R&D Canada].
504 |aIncludes bibliographical references (pages 43-45).
650 0|aSoldiers|xAnthropometry|zCanada|vStatistics.
650 0|aClothing and dress measurements|zCanada|vStatistics.
650 6|aSoldats|xAnthropométrie|zCanada|vStatistiques.
650 6|aVêtements|xTailles|zCanada|vStatistiques.
7102 |aDefence and Civil Institute of Environmental Medicine (Canada), |eissuing body.
7101 |aCanada. |bDepartment of National Defence, |eissuing body.
830#0|aDCIEM report ;|vno. 81-R-04.|w(CaOODSP)9.941842
85640|qPDF|s26.7 MB|uhttps://publications.gc.ca/collections/collection_2025/rddc-drdc/DR52-19-18-1980-eng.pdf